Primary numbers (Record no. 75589)
[ view plain ]
| 000 -LEADER | |
|---|---|
| fixed length control field | 00829cab a2200181 4500 |
| 001 - CONTROL NUMBER | |
| control field | L130386 |
| 008 - FIXED-LENGTH DATA ELEMENTS--GENERAL INFORMATION | |
| fixed length control field | 050722n2005 000 0 eng u |
| 035 ## - SYSTEM CONTROL NUMBER | |
| System control number | (Sirsi) u130386 |
| 041 ## - LANGUAGE CODE | |
| Language code of text/sound track or separate title | eng |
| 100 ## - MAIN ENTRY--PERSONAL NAME | |
| Personal name | Wood, Dawn |
| 245 ## - TITLE STATEMENT | |
| Title | Primary numbers |
| 260 ## - PUBLICATION, DISTRIBUTION, ETC. | |
| Date of publication, distribution, etc. | 2005 |
| 490 ## - SERIES STATEMENT | |
| Series statement | QS Week |
| Volume/sequential designation | 13 July 2005, 12-13(2) |
| 520 ## - SUMMARY, ETC. | |
| Summary, etc. | Data from the Building Cost Information Service (BCIS) on capital costs for primary schools. The figures reflect the greater level of uncertainty in refurbishing as opposed to new build. A group elemental breakdown show that services costs are a close second to superstructure costs and that occupancy costs are greater than maintenance costs. List of recent projects from the BCIS database. Graphs and tables. |
| 590 ## - LOCAL NOTE (RLIN) | |
| Local note | IKA020805 |
| 690 ## - LOCAL SUBJECT ADDED ENTRY--TOPICAL TERM (OCLC, RLIN) | |
| Topical term or geographic name as entry element | BUILT ENVIRONMENT-BUILDING COSTS |
| 942 ## - ADDED ENTRY ELEMENTS (KOHA) | |
| Suppress in OPAC | 0 |
| Withdrawn status | Lost status | Source of classification or shelving scheme | Damaged status | Not for loan | Home library | Current library | Shelving location | Date acquired | Total Checkouts | Full call number | Barcode | Date last seen | Copy number | Price effective from | Koha item type |
|---|---|---|---|---|---|---|---|---|---|---|---|---|---|---|---|
| Dewey Decimal Classification | London | London | Journal article | 22/07/2005 | L130386 | 130386-1001 | 06/08/2019 | 1 | 06/08/2019 | Journal article |